000 00884nam a2200193 i 4500
001 161662
003 ES-MaACL
005 20251003175636.0
008 990930s1880 sp |||| | spa d
040 _aCCPB | B
_bspa
_cCCPB | B
100 1 _aPeña, Emilio de la.
_990216
245 1 0 _aRecopilacion por órden de materias de los Fueros y observancias vigentes en el antiguo Reino de Aragon adicionada con la jurisprudencia del Tribunal Supremo de Justicia /
_cpor Emilio de la Peña ; precedida de un prólogo de Joaquín Gil Bérges.
260 _aZaragoza :
_b[s.n.],
_c1880 (
_fImp. del Hospicio Provincial)
300 _a267 p. ;
_c22 cm.
650 4 _aFueros-
_zAragón.
_9136142
700 1 _aGil Bergés, Joaquín,
_d1834-1920
_956772
852 _aES-MaACL
_jT-369-F-8
_z-- Enc. hol.
_q-- Falto de la cub. original
_z-- Enc. en un vol. facticio
999 _c161662
_d161662